Zahlen 1-25 in 15 Sekunden - Statistiken

Allgemein
  • Dieses Quiz wurde 1.073 mal gespielt
  • Das Durchschnittsergebnis liegt bei 22 aus 25
Antwortstatistiken
Nummer % Korrekt
1
100%
2
98%
3
98%
4
98%
5
98%
6
97%
7
97%
8
96%
9
96%
10
93%
11
93%
12
91%
14
91%
13
90%
15
89%
16
89%
17
87%
18
85%
19
83%
20
77%
21
76%
22
70%
23
67%
24
62%
25
59%
Keine übereinstimmenden Quizze gefunden
Verteilung der Resultate
Anzahl Personen mit jedem Resultat
Perzentil nach korrekt beantworteten Fragen
Ihre Resultats-Entwicklung
Sie haben dieses Quiz noch nicht gespielt